Colección de leyes, decretos y resoluciones emanados de los poderes legislativo y ejecutivo de la República Dominicana. (Registro nro. 32787)
[ vista simple ]
| 000 -CABECERA | |
|---|---|
| campo de control de longitud fija | 01216nam a2200325 i 4500 |
| 001 - NÚMERO DE CONTROL | |
| campo de control | 000033296 |
| 003 - IDENTIFICADOR DEL NÚMERO DE CONTROL | |
| campo de control | DO-SdBNP |
| 005 - FECHA Y HORA DE LA ÚLTIMA TRANSACCIÓN | |
| campo de control | 20240306141843.0 |
| 007 - CAMPO FIJO DE DESCRIPCIÓN FÍSICA--INFORMACIÓN GENERAL | |
| campo de control de longitud fija | ta |
| 008 - DATOS DE LONGITUD FIJA--INFORMACIÓN GENERAL | |
| campo de control de longitud fija | 110823s1895 dr 001 0 spa d |
| 040 ## - FUENTE DE LA CATALOGACIÓN | |
| Centro catalogador/agencia de origen | DO-SdBNP |
| Lengua de catalogación | spa |
| Centro/agencia transcriptor | BNPHU |
| Normas de descripción | rda |
| 082 #4 - NÚMERO DE LA CLASIFICACIÓN DECIMAL DEWEY | |
| Número de clasificación | 348.7293022 |
| Número de documento/Ítem | R426cole |
| Número de edición | 22 |
| 110 1# - ENTRADA PRINCIPAL--NOMBRE DE ENTIDAD CORPORATIVA | |
| Nombre de entidad corporativa o nombre de jurisdicción como elemento de entrada | República Dominicana |
| 9 (RLIN) | 447 |
| 240 10 - TÍTULO UNIFORME | |
| Título uniforme | [Leyes, etc.] |
| 245 10 - MENCIÓN DE TÍTULO | |
| Título | Colección de leyes, decretos y resoluciones emanados de los poderes legislativo y ejecutivo de la República Dominicana. |
| 250 ## - MENCIÓN DE EDICIÓN | |
| Mención de edición | Edición oficial |
| 264 ## - PRODUCCIÓN, PUBLICACIÓN, DISTRIBUCIÓN, FABRICACIÓN Y COPYRIGHT | |
| Producción, publicación, distribución, fabricación y copyright | Santo Domingo : |
| Nombre del de productor, editor, distribuidor, fabricante | Imp. Cuna de América J. R. Roques, |
| Fecha de producción, publicación, distribución, fabricación o copyright | 1895. |
| 300 ## - DESCRIPCIÓN FÍSICA | |
| Extensión | volumenes ; |
| Dimensiones | 28 cm. |
| 336 ## - TIPO DE CONTENIDO | |
| Fuente | rdacontent |
| Término de tipo de contenido | texto |
| Código de tipo de contenido | txt |
| 337 ## - TIPO DE MEDIO | |
| Fuente | rdamedia |
| Nombre/término del tipo de medio | sin mediación |
| Código del tipo de medio | n |
| 338 ## - TIPO DE SOPORTE | |
| Fuente | rdacarrier |
| Nombre/término del tipo de soporte | volumen |
| Código del tipo de soporte | nc |
| 500 ## - NOTA GENERAL | |
| Nota general | La biblioteca posee los volumenes: 6, 9, 10, 11, 12 , 13 y 15 |
| 500 ## - NOTA GENERAL | |
| Nota general | Incluye índice al final de cada volumen |
| 500 ## - NOTA GENERAL | |
| Nota general | Incluye referencias bibliográficas y notas al pie de las páginas |
| 590 ## - NOTA LOCAL (RLIN) | |
| Nota local | Inventariado, 2020/MFF |
| 650 #4 - PUNTO DE ACCESO ADICIONAL DE MATERIA--TÉRMINO DE MATERIA | |
| Término de materia o nombre geográfico como elemento de entrada | Derecho |
| Subdivisión geográfica | República Dominicana |
| 9 (RLIN) | 35307 |
| 650 #4 - PUNTO DE ACCESO ADICIONAL DE MATERIA--TÉRMINO DE MATERIA | |
| Término de materia o nombre geográfico como elemento de entrada | Legislación por decretos |
| Subdivisión geográfica | República Dominicana |
| 9 (RLIN) | 35308 |
| 910 ## - DATOS DE OPCIÓN DEL USUARIO (OCLC) | |
| Datos de opción del usuario | Validado. Control de calidad MFF |
| 942 ## - ELEMENTOS DE PUNTO DE ACCESO ADICIONAL (KOHA) | |
| Fuente del sistema de clasificación o colocación | Dewey Decimal Classification |
| Tipo de ítem Koha | Libro |
| Estado de retiro | Estado de pérdida | Fuente del sistema de clasificación o colocación | Restricciones de uso | No para préstamo | Código de colección | Localización permanente | Ubicación/localización actual | Ubicación en estantería | Fecha de adquisición | Fuente de adquisición | Total de préstamos | Signatura topográfica completa | Código de barras | Fecha visto por última vez | Número de copia | Precio válido a partir de | Tipo de ítem Koha | Nota pública |
|---|---|---|---|---|---|---|---|---|---|---|---|---|---|---|---|---|---|---|
| Dewey Decimal Classification | Excluido de préstamo | Patrimonio Dominicano Raros y Valiosos | Biblioteca Nacional Pedro Henríquez Ureña | Biblioteca Nacional Pedro Henríquez Ureña | Extraviado | 23.08.2011 | Donación | BNPHU PD-RV 348.7293022 R426 cole 1929 | 33296-10 | 25.06.2020 | v.9 | 25.06.2020 | Libro | Perteneció a la biblioteca personal de Julio Ortega Frier. | ||||
| Dewey Decimal Classification | Excluido de préstamo | Patrimonio Dominicano Raros y Valiosos | Biblioteca Nacional Pedro Henríquez Ureña | Biblioteca Nacional Pedro Henríquez Ureña | Depósito | 23.08.2011 | Donación | BNPHU PD-RV 348.7293022 R426 cole, 1895 | 33296-20 | 25.06.2020 | v.10 | 25.06.2020 | Libro | Perteneció a la biblioteca personal de Julio Ortega Frier. | ||||
| Dewey Decimal Classification | Excluido de préstamo | Patrimonio Dominicano Raros y Valiosos | Biblioteca Nacional Pedro Henríquez Ureña | Biblioteca Nacional Pedro Henríquez Ureña | Depósito | 07.05.2013 | BNPHU PD-RV 348.7293022 R426 cole 1895 | 33296-30 | 25.06.2020 | v.11 | 25.06.2020 | Libro | ||||||
| Dewey Decimal Classification | Excluido de préstamo | Patrimonio Dominicano Raros y Valiosos | Biblioteca Nacional Pedro Henríquez Ureña | Biblioteca Nacional Pedro Henríquez Ureña | Depósito | 07.05.2013 | Donado por la UNPHU | BNPHU PD-RV 348.7293022 R426 cole, 1896 | 33296-40 | 25.06.2020 | v.12 | 25.06.2020 | Libro | |||||
| Dewey Decimal Classification | Excluido de préstamo | Patrimonio Dominicano Raros y Valiosos | Biblioteca Nacional Pedro Henríquez Ureña | Biblioteca Nacional Pedro Henríquez Ureña | Depósito | 07.05.2013 | Donación | BNPHU PD-RV 348.7293022 R426cole 1896 | 33296-50 | 25.06.2020 | v.12, e.2 | 25.06.2020 | Libro | Perteneció a la biblioteca personal de Carlos Larrazabal Blanco. | ||||
| Dewey Decimal Classification | Excluido de préstamo | Patrimonio Dominicano Raros y Valiosos | Biblioteca Nacional Pedro Henríquez Ureña | Biblioteca Nacional Pedro Henríquez Ureña | Depósito | 07.05.2013 | BNPHU PD-RV 348.7293022 R426cole 1897 | 33296-60 | 25.06.2020 | v.13 | 25.06.2020 | Libro | ||||||
| Dewey Decimal Classification | Excluido de préstamo | Patrimonio Dominicano Raros y Valiosos | Biblioteca Nacional Pedro Henríquez Ureña | Biblioteca Nacional Pedro Henríquez Ureña | Depósito | 23.08.2011 | Donación | BNPHU PD-RV 348.7293022 R426 cole, 1901- | 33297-70 | 25.06.2020 | v.15 | 25.06.2020 | Libro | perteneció a la biblioteca personal de Julio Ortega Frier. | ||||
| Dewey Decimal Classification | Excluido de préstamo | Patrimonio Dominicano Raros y Valiosos | Biblioteca Nacional Pedro Henríquez Ureña | Biblioteca Nacional Pedro Henríquez Ureña | Depósito | 06.03.2024 | Donación | BNPHU PD-RV 348.7293022 R426 cole, 1901 | 2024-1283 | 06.03.2024 | v.15, e.2 | 06.03.2024 | Libro | Perteneció a la biblioteca personal de Carlos Larrazabal Blanco. |
